|
|
|
|
| LEADER |
00000npm a22000007a 4500 |
| 003 |
UAHC |
| 005 |
20240924161632.0 |
| 008 |
240924b ||||||||||||| 00| 0 spa d |
| 040 |
|
|
|a UAHC
|c UAHC
|
| 245 |
|
|
|a Naipe Inglés
|
| 505 |
|
|
|a 54 cartas rojas -- 54 cartas azules.
|
| 650 |
|
0 |
|a Juegos de mesa
|9 6549
|
| 900 |
|
|
|a NAIPE INGLES
|
| 942 |
|
|
|2 ddc
|c JM
|
| 952 |
|
|
|0 0
|1 0
|2 ddc
|4 0
|6 NAIPE_INGLES
|7 0
|9 100039
|a BR
|b BR
|c Referencia
|d 2024-09-24
|e Compra
|g 5040.00
|l 61
|o NAIPE INGLES
|p 1472218
|r 2026-04-22 19:58:01
|s 2026-04-22
|t 1
|w 2024-09-24
|x OC: 2304 / Factura Ludum SPA Nº141
|y JM
|z Revisar contenido antes de devolver
|
| 952 |
|
|
|0 0
|1 0
|4 0
|6 NAIPE_INGLES
|7 0
|9 100814
|a BS
|b BS
|c Referencia
|d 2024-09-24
|e Donación
|g 5000.00
|l 63
|o NAIPE INGLES
|p 1445090
|r 2026-05-04 16:39:48
|s 2026-05-04
|t 1
|w 2024-09-24
|y JM
|z Revisar contenido antes de devolver
|
| 952 |
|
|
|0 0
|1 0
|4 0
|6 NAIPE_INGLES
|7 0
|9 102013
|a BC
|b BC
|c Referencia
|d 2026-04-17
|e Compra
|g 5035.00
|l 4
|o NAIPE INGLES
|p 1472540
|r 2026-05-04 12:19:04
|s 2026-05-04
|t 1
|w 2026-04-17
|x Factura Mercadolibre Nº 13001700
|y JM
|z Revisar contenido antes de devolver
|
| 952 |
|
|
|0 0
|1 0
|4 0
|6 NAIPE_INGLES
|7 0
|9 102014
|a BC
|b BC
|c Referencia
|d 2026-04-17
|e Compra
|g 5035.00
|l 5
|o NAIPE INGLES
|p 1472541
|r 2026-04-30 16:35:33
|s 2026-04-30
|t 2
|w 2026-04-17
|x Factura Mercadolibre Nº 13001700
|y JM
|z Revisar contenido antes de devolver
|
| 952 |
|
|
|0 0
|1 0
|4 0
|6 NAIPE_INGLES
|7 0
|9 102015
|a BC
|b BC
|c Referencia
|d 2026-04-17
|e Compra
|g 5035.00
|l 6
|o NAIPE INGLES
|p 1472542
|r 2026-04-29 14:49:03
|s 2026-04-29
|t 3
|w 2026-04-17
|x Factura Mercadolibre Nº 13001700
|y JM
|z Revisar contenido antes de devolver
|
| 952 |
|
|
|0 0
|1 0
|4 0
|6 NAIPE_INGLES
|7 0
|9 102016
|a BR
|b BR
|c Referencia
|d 2026-04-17
|e Compra
|g 5035.00
|l 0
|o NAIPE INGLES
|p 1472543
|r 2026-04-17 17:58:09
|t 2
|w 2026-04-17
|x Factura Mercadolibre Nº 13001700
|y JM
|z Revisar contenido antes de devolver
|
| 952 |
|
|
|0 0
|1 0
|4 0
|6 NAIPE_INGLES
|7 0
|9 102017
|a BS
|b BS
|c Referencia
|d 2026-04-17
|e Compra
|g 5035.00
|l 0
|o NAIPE INGLES
|p 1472544
|r 2026-04-17 11:45:00
|t 2
|w 2026-04-17
|x Factura Mercadolibre Nº 13001700
|y JM
|z Revisar contenido antes de devolver
|
| 999 |
|
|
|c 62092
|d 62092
|